000 00194nam a2200085 4500
001 1258566
005 20260312194353.0
245 _aİKİ SATIR KONUŞMAK
_cELİF GÜNEŞ
260 _bMORENA YAYINLARI
999 _c1258566
_d1258566